000 00427nam a22001697a 4500
003 OSt
005 20211116170445.0
008 211116b |||||||| |||| 00| 0 eng d
020 _a978-0-340-92773-1
040 _aDDC
_cHU
082 _24TH
_a615.84
_b1
100 _aANN BARRETT
_918771
245 _aPRACTICAL RADIOTHERAPY PLANNING
250 _a4TH
260 _aLONDON
_bHODDER ARNOLD COMPANY
_c2009
942 _2ddc
_cBOOKS
_n0
999 _c18582
_d18582